| 000 | 00416nam a2200121Ia 4500 | ||
|---|---|---|---|
| 008 | 220216s9999 xx 000 0 und d | ||
| 100 | _aKennedy Joseph P | ||
| 245 | 0 | _aMacromolecular engineering by carbocationic techniques: New polymers that contain elastomeric sequences (1983 reviews) | |
| 260 |
_bRubber Chemistry and Technology _c1983 |
||
| 650 | _a1983 reviews | ||
| 650 | _aElastomeric sequences | ||
| 942 | _cJS | ||
| 999 |
_c62347 _d62347 |
||